Cataracts : (Record no. 146927)
[ view plain ]
| 000 -LEADER | |
|---|---|
| fixed length control field | 02006nam a2200421 i 4500 |
| 001 - CONTROL NUMBER | |
| control field | ebr10806014 |
| 003 - CONTROL NUMBER IDENTIFIER | |
| control field | CaPaEBR |
| 006 - FIXED-LENGTH DATA ELEMENTS--ADDITIONAL MATERIAL CHARACTERISTICS--GENERAL INFORMATION | |
| fixed length control field | m o d |
| 007 - PHYSICAL DESCRIPTION FIXED FIELD--GENERAL INFORMATION | |
| fixed length control field | cr cn||||||||| |
| 008 - FIXED-LENGTH DATA ELEMENTS--GENERAL INFORMATION | |
| fixed length control field | 110908t20122012njua ob 000 0 eng|d |
| 020 ## - INTERNATIONAL STANDARD BOOK NUMBER | |
| Cancelled/invalid ISBN | 9781617110382 (alk. paper) |
| Cancelled/invalid ISBN | 1617110388 (alk. paper) |
| International Standard Book Number | 9781617116520 (e-book) |
| 040 ## - CATALOGING SOURCE | |
| Original cataloging agency | CaPaEBR |
| Language of cataloging | eng |
| Description conventions | rda |
| -- | pn |
| Transcribing agency | CaPaEBR |
| 035 ## - SYSTEM CONTROL NUMBER | |
| System control number | (OCoLC)874967946 |
| 050 14 - LIBRARY OF CONGRESS CALL NUMBER | |
| Classification number | RE451 |
| Item number | .C43 2012eb |
| 082 04 - DEWEY DECIMAL CLASSIFICATION NUMBER | |
| Classification number | 617.7/42059 |
| Edition number | 23 |
| 100 1# - MAIN ENTRY--PERSONAL NAME | |
| Personal name | Chang, David F., |
| Dates associated with a name | 1954- |
| 245 10 - TITLE STATEMENT | |
| Title | Cataracts : |
| Remainder of title | a patient's guide to treatment / |
| Statement of responsibility, etc | David F. Chang. |
| 250 ## - EDITION STATEMENT | |
| Edition statement | Second edition. |
| 264 #1 - PRODUCTION, PUBLICATION, DISTRIBUTION, MANUFACTURE, AND COPYRIGHT NOTICE | |
| Place of production, publication, distribution, manufacture | Thorofare, NJ : |
| Name of producer, publisher, distributor, manufacturer | Slack Incorporated, |
| Date of production, publication, distribution, manufacture, or copyright notice | [2012] |
| Date of production, publication, distribution, manufacture, or copyright notice | �2012 |
| 300 ## - PHYSICAL DESCRIPTION | |
| Extent | 1 online resource (147 pages) : |
| Other physical details | illustrations (some color) |
| 336 ## - CONTENT TYPE | |
| Content type term | text |
| Source | rdacontent |
| 337 ## - MEDIA TYPE | |
| Media type term | computer |
| Source | rdamedia |
| 338 ## - CARRIER TYPE | |
| Carrier type term | online resource |
| Source | rdacarrier |
| 500 ## - GENERAL NOTE | |
| General note | Originally published: Omaha, NE : Addicus Books, c2011. |
| 504 ## - BIBLIOGRAPHY, ETC. NOTE | |
| Bibliography, etc | Includes bibliographical references. |
| 505 0# - FORMATTED CONTENTS NOTE | |
| Formatted contents note | How the human eye works -- Understanding cataracts -- Getting a diagnosis -- Your intraocular lens -- Planning for cataract surgery -- Undergoing cataract surgery -- Recovering from surgery -- Reducing dependence on eyeglasses -- Special conditions & cataract surgery. |
| 588 ## - SOURCE OF DESCRIPTION NOTE | |
| Source of description note | Description based on print version record. |
| 590 ## - LOCAL NOTE (RLIN) | |
| Local note | Electronic reproduction. Palo Alto, Calif. : ebrary, 2013. Available via World Wide Web. Access may be limited to ebrary affiliated libraries. |
| 650 #0 - SUBJECT ADDED ENTRY--TOPICAL TERM | |
| Topical term or geographic name as entry element | Cataract |
| General subdivision | Surgery. |
| Topical term or geographic name as entry element | Patient education. |
| 655 #0 - INDEX TERM--GENRE/FORM | |
| Genre/form data or focus term | Electronic books. |
| 776 08 - ADDITIONAL PHYSICAL FORM ENTRY | |
| Display text | Print version: |
| Main entry heading | Chang, David F. |
| Title | Cataracts : a patient's guide to treatment. |
| Place, publisher, and date of publication | Thorofare, NJ : Slack Incorporated, [2012] |
| Physical description | 132 pages ; 22 cm |
| International Standard Book Number | 9781617110382 |
| Record control number | (OCoLC)ocn751780651 |
| -- | (DLC)10806014 |
| 797 2# - LOCAL ADDED ENTRY--CORPORATE NAME (RLIN) | |
| Corporate name or jurisdiction name as entry element | ebrary. |
| 856 40 - ELECTRONIC LOCATION AND ACCESS | |
| Uniform Resource Identifier | <a href="http://site.ebrary.com/lib/rucke/Doc?id=10806014">http://site.ebrary.com/lib/rucke/Doc?id=10806014</a> |
| Public note | An electronic book accessible through the World Wide Web; click to view |
No items available.
